| 000 | 00583nam a2200205Ii 4500 | ||
|---|---|---|---|
| 003 | JO-AjNU | ||
| 008 | 230606s9999||||xx |||||||||||||| ||und|| | ||
| 017 | _a2013/4/1142 | ||
| 040 |
_aJO-AjNU _beng _erda _cJO-AjNU |
||
| 041 | _aeng | ||
| 050 | 1 | 4 | _aD167.2013 |
| 100 | 3 |
_a Abu-Dayyeh, Ayoub, _eauthor _93574 |
|
| 245 | 0 | 0 | _aWars of the franks: non - crusades |
| 264 | 3 | 1 | _aAmman: The Auther, 2013 |
| 300 | _a120p | ||
| 336 |
_atext _btxt _2rdacontent |
||
| 337 |
_aunmediated _bn _2rdamedia |
||
| 338 |
_avolume _bnc _2rdacarrier |
||
| 650 | 4 |
_aCrusades-History of the Arabs _93575 |
|
| 999 |
_aE1865 _c1865 _d1865 |
||